Nuclear medicine technology : (رقم التسجيلة. 42657)

تفاصيل مارك
000 -الفاتح
حقل البيانات ثابتة الطول 01525cam a22003974a 4500
001 - رقم الضبط
رقم الضبط 14993672
003 - محدد رقم الضبط
رقم الضبط OSt
005 - وقت وتاريخ اخر تعامل مع التسجيلة
رقم الضبط 20180829162814.0
008 - عناصر البيانات ثابتة الطول - معلومات عامة
حقل البيانات ثابتة الطول 070831t20082009paua bf 001 0 eng
010 ## - رقم ضبط مكتبة الكونجرس
رقم ضبط مكتبة الكونجرس 2007036323
016 7# - رقم ضبط الوكاله الوطنية للضبط الببليوجرافي
رقم ضبط التسجيلة 101315546
المصدر DNLM
020 ## - الرقم الدولى المعيارى للكتب
الرقم الدولى المعيارى للكتاب 9780781774505
020 ## - الرقم الدولى المعيارى للكتب
الرقم الدولى المعيارى للكتاب 0781774500
035 ## - رقم ضبط النظام
رقم ضبط النظام (OCoLC)ocn169454591
035 ## - رقم ضبط النظام
رقم ضبط النظام (OCoLC)169454591
040 ## - مصدر الفهرسة
وكالة الفهرسة الأصلية DNLM/DLC
وكالة النسخ DLC
وكالة التعديل YDX
-- NLM
-- BAKER
-- BTCTA
-- YDXCP
-- ZQP
-- DLC
042 ## - رمز التحقق
رمز التحقق pcc
050 00 - رقم طلب مكتبة الكونجرس
رقم التصنيف RC78.7.R4
رقم المادة S48 2009
060 00 - رقم الطلب بالمكتبة الطبية الوطنية
رقم التصنيف 2008 D-309
060 10 - رقم الطلب بالمكتبة الطبية الوطنية
رقم التصنيف WN 39
رقم المادة S524n 2009
082 00 - رقم تصنيف ديوى العشرى
رقم التصنيف 616.07575
رقم الطبعة 22
رقم المادة SPN
100 1# - المدخل الرئيسى - إسم شخصى
الإسم الشخصى Shackett, Pete.
9 (RLIN) 64453
245 10 - بيان العنوان
العنوان Nuclear medicine technology :
بقية العنوان procedures and quick reference /
بيان المسئوليه,etc Pete Shackett.
250 ## - بيان الطبعة
بيان الطبعة 2nd ed.
260 ## - PUBLICATION, DISTRIBUTION, ETC. (IMPRINT)
مكان الناشر او الموزع Philadelphia :
اسم الناشر او الموزع Wolters Kluwer Health/Lippincott Williams & Wilkins,
تاريخ النشر أو التوزيع [2008], c2009.
300 ## - الوصف المادى
التعداد xi, 576 p. :
تفاصيل ماديه اخرى للوعاء ill. ;
أبعاد الوعاء 28 cm.
504 ## - تبصرة ببليوجرافية
تبصرة ببليوجرافية,الخ Includes bibliographical references (p. 559-561) and index.
650 #0 - المدخل الاضافى بالموضوع-مصطلح موضوعى
مصطلح موضوعي أو اسم جغرافي كعنصر مدخل Radioisotope scanning
التقسيم الفرعي الشكلي Handbooks, manuals, etc.
9 (RLIN) 64454
650 12 - المدخل الاضافى بالموضوع-مصطلح موضوعى
مصطلح موضوعي أو اسم جغرافي كعنصر مدخل Radionuclide Imaging
التقسيم الفرعي العام methods
التقسيم الفرعي الشكلي Handbooks.
9 (RLIN) 64455
650 22 - المدخل الاضافى بالموضوع-مصطلح موضوعى
مصطلح موضوعي أو اسم جغرافي كعنصر مدخل Radiopharmaceuticals
التقسيم الفرعي الشكلي Handbooks.
9 (RLIN) 64456
856 42 - الوصول و الموقع الالكترونى
مواد محددة Publisher description
معرف المصدر الموحد <a href="http://www.loc.gov/catdir/enhancements/fy0743/2007036323-d.html">http://www.loc.gov/catdir/enhancements/fy0743/2007036323-d.html</a>
856 41 - الوصول و الموقع الالكترونى
مواد محددة Table of contents only
معرف المصدر الموحد <a href="http://www.loc.gov/catdir/enhancements/fy0835/2007036323-t.html">http://www.loc.gov/catdir/enhancements/fy0835/2007036323-t.html</a>
906 ## - عنصر بيانات محلى F, LDF (RLIN)
a 0
b cbc
c orignew
d 1
e ecip
f 20
g y-gencatlg
942 ## - عناصر المدخل الإضافي( كوها)
مصدر التصنيف او مخطط الترفيف Dewey Decimal Classification
Koha [default] item type كتاب
المقتنيات
حالة الفقد نموذج السعر الفعال حالة تلف ليس للاعارة رقم الطلب تاريخ الاكتساب الموقع الحالي الباركود الفرع الرئيسي Date last seen نوع المادة فى نظام كوها مصدر التصنيف او خطة الترفيف Total Checkouts
  2018-08-29     616.07575 SPN 2018-08-29 المكتبة المركزية بالمجمعة (CL) 00657443 المكتبة المركزية بالمجمعة (CL) 2018-08-29 كتاب Dewey Decimal Classification  
  2018-08-29     616.07575 SPN 2018-08-29 المكتبة المركزية بالمجمعة (CL) 00657444 المكتبة المركزية بالمجمعة (CL) 2018-08-29 كتاب Dewey Decimal Classification  
  2018-08-29     616.07575 SPN 2018-08-29 المكتبة المركزية بالمجمعة (CL) 00657445 المكتبة المركزية بالمجمعة (CL) 2018-08-29 كتاب Dewey Decimal Classification  
  2018-09-04     616.07575 SPN 2018-09-04 مكتبة كلية العلوم الطبية التطبيقية بالمجمعة - طالبات (AMF) 00657803 مكتبة كلية العلوم الطبية التطبيقية بالمجمعة - طالبات (AMF) 2018-09-04 كتاب Dewey Decimal Classification  
  2018-09-04     616.07575 SPN 2018-09-04 مكتبة كلية العلوم الطبية التطبيقية بالمجمعة - طالبات (AMF) 00657804 مكتبة كلية العلوم الطبية التطبيقية بالمجمعة - طالبات (AMF) 2018-09-04 كتاب Dewey Decimal Classification